Polish Questions Words - Statistics

General Stats
  • This quiz has been taken 24 times
    23 since last reset
  • The average score is 4 of 5
Answer Stats
Hint Answer % Correct
how jak
100%
who kto
94%
where gdzie
93%
when kiedy
85%
what co
83%
why dlaczego
71%
which ktory
71%
No matching quizzes found
Score Distribution
Percent of People with Each Score
Percentile by Number Answered
Your Score History
You have not taken this quiz since the last reset